000 00675nam a2200241 a 4500
001 BRCA_4512
005 20190320204711.0
008 200910s1923----mx-a######---#000-0#spa-#
041 _aspa
044 _amx
050 4 _aN65650
_b.R48 1923
100 1 _aRevilla, Manuel Gustavo Antonio
_d1863-1925
_911431
245 1 0 _aEl arte en México
_cManuel G. Revilla.
250 _a2
260 _aMéxico
_bPorrúa
_c1923
300 _a166 p.
_bil.
_c27 cm.
500 _aLa biblioteca tiene 2 ejemplares con el mismo número de inventario
500 _aCFG27
650 1 4 _aArte
_zMéxico
_911432
651 4 _aMéxico
_xAntigüedades
_92765
902 _aGFM
942 _2lcc
_cB
999 _c4218
_d4218